| 000 | 01000 a2200253 4500 | ||
|---|---|---|---|
| 001 | 37248 | ||
| 005 | 20260407155641.0 | ||
| 008 | 260407a1996 arg spa d | ||
| 003 | AR-UNSa-BCEJYS | ||
| 040 |
_aAR-UNSa-BCEJYS _bspa _cAR-UNSa-BCEJYS |
||
| 080 |
_a330.322.14 _xInversión pública. Inversión estatal |
||
| 245 | 1 | 0 | _aLa programación de la inversión pública en la Argentina |
| 020 | _a987-99661-5-5 | ||
| 264 | 1 |
_aBuenos Aires : _bFIEL (Fundación de Investigaciones Económicas Latinoamericanas) _c1996 |
|
| 300 |
_a215 p. _c23 cm. |
||
| 505 | _a1. La inversión pública. Aspectos conceptuales - 2. La inversión pública en la Argentina - 3. La experiencia internacional - 4. Conclusiones y recomendaciones | ||
| 041 | _aspa | ||
| 942 | _cBK | ||
| 590 | _aniveau_biblio:m niveau_hierar:0 | ||
| 100 | 1 | _aSturzenegger, Adolfo | |
| 700 | 1 | _aSalinardi, Mario A. | |
| 700 | 1 | _aSturzenegger, Federico | |
| 700 | 1 | _aFundación de Investigaciones Económicas Latinoamericanas (FIEL) | |
| 999 |
_c2715 _d2715 |
||